000 00496nam a2200193Ia 4500
008 151121s9999||||xx |||||||||||||| ||und||
082 _a080/Kes
082 _bHNW-66475
100 _aKeshavmurthi।
245 _aSri Aurobindo- The hope of man
260 _bDipti Publication।
260 _c--
300 _a531
600 _aKeshavmurthi।
630 _aSri Aurobindo- The hope of man
700 _aKeshavmurthi।
730 _aSri Aurobindo- The hope of man
942 _cBOOK
999 _c1247972
_d1247969